000 00244nam a2200109Ia 4500
008 240625s9999 xx 000 0 und d
041 _aeng
082 _a428.422 DIA
100 _aDIAZ ISOBEL RAINEY DE
245 _aIN DETAIL II
260 _c2003
999 _c34159
_d34159